000 00707nam a2200229 a 4500
001 21380
003 CO-ViMGA
008 141112s2004 ck r 000 u spa d
020 _a958049472X
040 _aCO-ViMGA
_bspa
_cCO-ViMGA
082 _aKASmi
100 1 _aKasza, Keiko
_92872
245 1 0 _aMi día de suerte
260 _aBogotá; Norma,
_c2006
300 _a32
490 _aBuenas Noches
590 _aForma de adquisición : Compra fact. 0864 - - Precio : 14500 - - Proveedor : Temas y libros - - Fecha de adquisición : Mayo 2007
650 1 4 _aCERDOS - CUENTOS INFANTILES
_95749
650 1 4 _aCUENTOS INFANTILES JAPONESES
650 1 4 _aLOBOS - CUENTOS INFANTILES
_92798
942 _2ddc
_cBK
999 _c10978
_d10978